| 000 | 00778nam a2200253Ia 4500 | ||
|---|---|---|---|
| 003 | OSt | ||
| 005 | 20220925212914.0 | ||
| 006 | a|||||r|||| 00| 0 | ||
| 007 | ta | ||
| 008 | 220923b |||||||| |||| 00| 0 eng d | ||
| 037 | _cGeneral Book | ||
| 040 |
_aRTL _cRTL _beng |
||
| 041 |
_2eng _aeng |
||
| 082 | _aY.9368.N8, N0 | ||
| 100 |
_aToren Christina _9141203 |
||
| 245 | 0 |
_aMaking sense of hierarchy _b Cognition as a social process in Fuji |
|
| 260 |
_aLondon _bAthlone Press _c1990 |
||
| 300 |
_axiii,287p _ccm. |
||
| 490 | _aLondon School of Economics, Monographs on Social Anthropology, 61 | ||
| 500 | _aBibliography: p 271-278 | ||
| 650 | _aSociology | ||
| 942 |
_hY.9368.N8, N0 _cGB _2CC |
||
| 999 |
_c561531 _d561531 |
||